| 000 | 00948nam a2200241Ia 4500 | ||
|---|---|---|---|
| 005 | 20240528085151.0 | ||
| 008 | 130821s1964 sp a gr spa | ||
| 040 |
_aCo-BoUCM _bspa _cDavid Moreno (modificó) _dDavid Moreno (modificó) |
||
| 041 | 0 | 0 | _aspa |
| 100 | 1 |
_aErhard, Ludwig _9168171 |
|
| 245 | 1 | 3 |
_aLa economía social de mercado política económica de Alemania _cLudwig Erhard ; traducción del alemán por Manuel Scholz y Emma Gifre |
| 260 |
_aBarcelona (España) _bOmega _c1964 |
||
| 300 |
_a484 Páginas _bilustraciones, gráficas |
||
| 500 | _aDonación Dr. Álvaro Daza Roa. | ||
| 500 | _aIncluye índice. | ||
| 650 | 0 | 4 |
_aPolítica económica _zAlemania _921972 |
| 650 | 0 | 4 |
_aTeoría económica _925318 _xEconomía Social |
| 700 | 1 |
_aGifre, Emma _9168172 |
|
| 700 | 1 |
_aScholz, Manuel _9168173 |
|
| 765 | 1 | _tDeutsche Wirtschaftspolitik | |
| 942 |
_cLIBRO _a7 _e1 _mE678e _2DEWEY _h330.1 _n0 |
||
| 999 |
_c72221 _d72221 |
||